All Incorporated Municipalities of Berkshire County, Massachusetts - Statistics

General Stats
  • This quiz has been taken 8 times
  • The average score is 31 of 32
Answer Stats
Answer % Correct
Adams
100%
Alford
100%
Dalton
100%
Egremont
100%
Florida
100%
Hancock
100%
Hinsdale
100%
Lanesborough
100%
Lee
100%
Lenox
100%
Monterey
100%
Mount Washington
100%
New Ashford
100%
New Marlborough
100%
North Adams
100%
Otis
100%
Peru
100%
Pittsfield
100%
Richmond
100%
Sandisfield
100%
Sheffield
100%
Stockbridge
100%
Tyringham
100%
Washington
100%
West Stockbridge
100%
Windsor
100%
Becket
80%
Cheshire
80%
Clarksburg
80%
Great Barrington
80%
Williamstown
80%
Savoy
60%
No matching quizzes found
Score Distribution
Percent of People with Each Score
Percentile by Number Answered
Your Score History
You have not taken this quiz